The Evil Emperors’ Song - Horrible Histories (All Lyrics) - Statistics

General Stats
  • This quiz has been taken 66 times
    65 since last reset
  • The average score is 364 of 476
Answer Stats
Lyric % Correct
a
95%
A
95%
bad
95%
I
95%
I'm
95%
near
95%
The
93%
the
93%
you
93%
You
93%
an
91%
and
91%
emperor
91%
me
91%
me?
91%
My
91%
my
91%
Nero
91%
so
91%
to
91%
To
91%
who
91%
be
89%
but
89%
is
89%
name
89%
of
89%
Roman
89%
all
86%
dad
86%
do
86%
her
86%
kill
86%
by
84%
Caligula
84%
evil
84%
good
84%
mean
84%
men
84%
no
84%
on
84%
then
84%
we
84%
your
84%
Your
84%
as
82%
don't
82%
in
82%
were
82%
baddest
80%
it
80%
just
80%
killed
80%
lion
80%
lot
80%
not
80%
one
80%
was
80%
empire
77%
got
77%
had
77%
have
77%
he's
77%
He's
77%
mad
77%
mother
77%
rotten
77%
should
77%
than
77%
There
77%
think
77%
too
77%
zero
77%
daddy
75%
emperors
75%
glad
75%
I'd
75%
if
75%
wife
75%
won
75%
worse
75%
you're
75%
You're
75%
baddy
73%
bed
73%
biggest
73%
cause
73%
children
73%
chosen
73%
Could
73%
could
73%
far
73%
from
73%
hands
73%
man
73%
more
73%
or
73%
real
73%
sad
73%
score
73%
see
73%
that
73%
their
73%
will
73%
with
73%
bees
70%
Commodus
70%
dead
70%
dogs
70%
fled
70%
four
70%
girlfriend
70%
head
70%
job
70%
like
70%
listen
70%
much
70%
read
70%
she
70%
tutor
70%
verse
70%
badness
68%
beast
68%
crowd
68%
drown
68%
fib-ula
68%
fight
68%
for
68%
future
68%
goat
68%
Great
68%
guess
68%
guts
68%
instead
68%
lottery
68%
meanest
68%
never
68%
only
68%
pig-ula
68%
school
68%
stabbed
68%
still
68%
surprise
68%
there's
68%
throat
68%
tried
68%
truly
68%
Wait
68%
would
68%
Baghdad
66%
Britain
66%
cad
66%
come
66%
cuter
66%
Elagabalus
66%
ever
66%
fear
66%
full
66%
gave
66%
laughed
66%
lions
66%
name's
66%
says
66%
slit
66%
snakes
66%
told
66%
used
66%
whisper
66%
won't
66%
worstest
66%
are
64%
bogus
64%
claim
64%
dear
64%
get
64%
give
64%
gladiator
64%
hairy
64%
hero
64%
him
64%
iron
64%
know
64%
loud
64%
meeting
64%
neighbourhood
64%
nice
64%
ordered
64%
Poisoned
64%
priest
64%
prize
64%
Romans
64%
take
64%
them
64%
very
64%
you'd
64%
You'd
64%
called
61%
fabulous
61%
flies
61%
fun
61%
game
61%
guests
61%
hated
61%
house
61%
limbs
61%
made
61%
mood
61%
note
61%
oh
61%
our
61%
pretend
61%
sacrifice
61%
stepbrother
61%
stumps
61%
today
61%
at
59%
booing
59%
else
59%
famous
59%
fighting
59%
first
59%
greater
59%
hack
59%
it's
59%
Octavia
59%
off
59%
rule
59%
since
59%
through
59%
time
59%
want
59%
chopped
57%
Christians
57%
nastiness
57%
played
57%
really
57%
showed
57%
Well
57%
went
57%
who'd
57%
add
55%
Alexander
55%
argue
55%
bloke
55%
deceased
55%
executor
55%
Julius
55%
medals
55%
nothing
55%
Olympic
55%
rad
55%
rod
55%
season
55%
Afraid
52%
burned
52%
reason
52%
they
52%
thought
52%
actions
50%
changed
50%
chums
50%
crowds
50%
grander
50%
how
50%
quite
50%
behaviour
48%
smote
48%
son
48%
venomou
48%
awful
45%
notorious
45%
slayed
45%
yes
45%
enormous
43%
Rome's
43%
shameless
41%
catapaulting
20%
No matching quizzes found
Score Distribution
Percent of People with Each Score
Percentile by Number Answered
Your Score History
You have not taken this quiz since the last reset